Fiscalidad internacional y comunitaria

Bibliographic Details
Main Author: Merino Jara, Isaac
Other Authors: Lp̤ez, Jorge Martn̕, Romero Flor, Luis Mara̕
Format: eBook
Language:Spanish
Published: Madrid: Dykinson, 2019
Subjects:
Online Access:Acceso restringido

MARC

LEADER 00000nam a22000007a 4500
005 20200522161318.0
007 cr|||| ||||
008 200522s2019 es |||||s|||| 00||0 spa d
020 |a 978-84-1324-512-6 
035 |a 31451 
040 |a vLex 
090 |c 10385  |d 10385 
100 1 |a Merino Jara, Isaac 
245 1 0 |a Fiscalidad internacional y comunitaria  |h [Recurso electrn̤ico] /  |c Isaac Merino Jara, Jorge Martn̕ Lp̤ez, Luis Mara̕ Romero Flor 
256 |a Servicio en ln̕ea 
260 |a Madrid:  |b Dykinson,  |c 2019 
300 |a 1 recurso electrn̤ico 
506 1 |a Disponible solo en los productos indicados  |d vLex Global  |d vLex Global (Academic Edition, excluding Law Schools)  |d vLex Global (U.S. Academic Edition, Law Schools)  |d vLex Global (U.S. Academic Edition, excluding Law Schools)  |d vLex Global (Academic Edition, Law Schools) 
650 0 4 |a Derecho Internacional  |z Espaą 
650 0 4 |a Derecho Comunitario  |z Espaą 
700 1 |a Lp̤ez, Jorge Martn̕ 
700 1 |a Romero Flor, Luis Mara̕ 
740 0 |a vLex Libros (Servicio en ln̕ea) 
856 4 0 |u http://vlex.com/source/fiscalidad-internacional-comunitaria-31451  |z Acceso restringido 
942 |c BOOK 
999 0 |a International Law 
999 0 |a Community Law